Musculoskeletal Radiology: Past, Present and Future: Radiologic Clinics of North America (Record no. 32126)

MARC details
000 -LEADER
fixed length control field 00627nas a2200157 a 4500
008 - FIXED-LENGTH DATA ELEMENTS--GENERAL INFORMATION
fixed length control field 150128c20099999||||||||||||||||| || u
020 ## - INTERNATIONAL STANDARD BOOK NUMBER
International Standard Book Number 9781437705379
050 ## - LIBRARY OF CONGRESS CALL NUMBER
Classification number PER/MRP/SOM
100 ## - MAIN ENTRY--PERSONAL NAME
Personal name Sofka, Carolyn M
245 10 - TITLE STATEMENT
Title Musculoskeletal Radiology: Past, Present and Future: Radiologic Clinics of North America
Statement of responsibility, etc. Edited by Carolyn M. Sofka
260 ## - PUBLICATION, DISTRIBUTION, ETC.
Place of publication, distribution, etc. Philadelphia
Name of publisher, distributor, etc. Saunders
Date of publication, distribution, etc. 2009
300 ## - PHYSICAL DESCRIPTION
Extent vii, 537p.: ill.
650 ## - SUBJECT ADDED ENTRY--TOPICAL TERM
Topical term or geographic name entry element RADIOGRAPHY
650 ## - SUBJECT ADDED ENTRY--TOPICAL TERM
Topical term or geographic name entry element DIAGNOSIS, RADIOGRAPHIC
995 ## -
-- SERIALS
-- Vol. 47/No. 3-2009
-- CBU-SCHOOL OF MEDICINE LIBRARY (Ndola)
-- PER/MRP/SOM
-- 1
-- AVAILABLE
-- Mar 24, 2015
-- 902596
-- Serial (Print)
999 ## -
-- 32126
-- 32126
Holdings
Withdrawn status Lost status Source of classification or shelving scheme Damaged status Not for loan Permanent Location Current Location Shelving location Date acquired Total Checkouts Full call number Barcode Date last seen Price effective from Koha item type
          CBU-SCHOOL OF MEDICINE LIBRARY, NDOLA. CBU-SCHOOL OF MEDICINE LIBRARY, NDOLA.   11/30/2022   PER/MRP/SOM 902596 11/30/2022 11/30/2022 MONOGRAPH